000 00298nam a22001457a 4500
008 221124b ||||| |||| 00| 0 eng d
020 _a9781616694074
041 _aeng
080 _a61
082 _a61
100 _a5
101 _amjk
245 _aBASIC LIFE SUPPORT
_cBLS
942 _2udc
_cBK
999 _c59015
_d59015